Production of milkfish siopao in barangay Tabing-ilog Tanay, Rizal/ (Record no. 76434)

MARC details
000 -LEADER
fixed length control field 03868nam a22002537i 4500
003 - CONTROL NUMBER IDENTIFIER
control field URS
005 - DATE AND TIME OF LATEST TRANSACTION
control field 20240416181703.0
008 - FIXED-LENGTH DATA ELEMENTS--GENERAL INFORMATION
fixed length control field 190215b ||||| |||| 00| 0 eng d
040 ## - CATALOGING SOURCE
Language of cataloging eng
Description conventions rda
Transcribing agency URS Pililla Library
082 00 - DEWEY DECIMAL CLASSIFICATION NUMBER
Item number FS BSBA MM117 2018
100 1# - MAIN ENTRY--PERSONAL NAME
Personal name Bedonio, Lovely M.
Relator term researcher
245 10 - TITLE STATEMENT
Title Production of milkfish siopao in barangay Tabing-ilog Tanay, Rizal/
Statement of responsibility, etc. Lovely M. Bedonio
300 ## - PHYSICAL DESCRIPTION
Extent xviii, 112 leaves;
Dimensions 28 cm.
336 ## - CONTENT TYPE
Content type term text
Content type code txt
Source rdacontent
337 ## - MEDIA TYPE
Media type term unmediated
Media type code n
Source rdamedia
338 ## - CARRIER TYPE
Carrier type term volume
Carrier type code nc
Source rdacarrier
502 ## - DISSERTATION NOTE
Dissertation note Undergraduate Feasibility Study
Degree type Bachelor of Science in Business Administration Major in Marketing Management
Name of granting institution University of Rizal System Pililla
520 ## - SUMMARY, ETC.
Summary, etc. The production of RizaleƱos Milkfish Siopao in Barangay Tabing-llog Tanay, Rizal is the innovation of siopao which originally came or introduced by the Chinese immigrant Ma Mon Luk here in the Philippines. The goal of this proposed business named "RizaleƱos Milkfish Siopao" is to create new taste and give healthier siopao that is filled with milkfish rather than the siopao that we usually eat. The logo represents gratitude, quality, cleanliness, and hard work of every RizaleƱos. The proposed business will be located at Yujuico St. Brgy. Tabing Ilog, Tanay Rizal. For the strategic way of managing the business, the proponents created formal organizational structure, which consisted of managers which are the proponents that will act as the cashier and the salesperson and three production workers. As for the salary, the production workers will have an allotted P50,400 for three months. The production worker should be knowledgeable when it comes to food processing and the most important thing is they are responsible and follow rules and regulations and the policies of the business. The proponents used the household of lower part of Tanay, Rizal with the growth rate 2.69%. When the proponents conducted a survey, 95 out of 100 respondents buy/eat siopao. This 95% will be multiplied by the number of household of the lower part of Tanay which is 18,010 and the answer will be multiplied to the number of respondents who are willing and able to buy RizaleƱos Milkfish Siopao which is 89% and the answer will be the total target demand of the business. The projected market share of competitor is about 17% while RizaleƱos is 7%, while the unsatisfied rate remaining is 76% that need to be sustained. There are 290 pieces of siopao that will be produced in every other day. With that the proponents will use 15 days of production monthly and 180 days yearly. The variety of Rizalenos Milkfish Siopao are the following: asado, adobo and bola-bola. The proponents will have a share of 33%, 34%, 33%, respectively that will be borrowed from the bank for the capital startup of the proposed business. RizaleƱos Milkfish Siopao will give contribution to the economy, industry, community, and employees which is a good way of helping others. When it comes to pre-operating period, proponents follow the schedule for the proper planning. As it end, the firm is open for feedbacks and recommendation for good services of customers. The proposed business project cost is 338,440.00 will gain its return on investment of 22.20% on the first year of operation and will have 11 months and 5 days payback period. Based on the information, data, and survey results gathered, the proponents concluded that the business/project proposal is viable and feasible to enter the market. As per the technical operation and production management and different marketing strategies were applied.
700 1# - ADDED ENTRY--PERSONAL NAME
Personal name Gorpido, Marvin G.
Relator term researcher
700 1# - ADDED ENTRY--PERSONAL NAME
Personal name Lozano, Rose Mae E.
Relator term researcher
700 1# - ADDED ENTRY--PERSONAL NAME
Personal name OlaƱo, Monina G
Relator term adviser
856 ## - ELECTRONIC LOCATION AND ACCESS
Materials specified Online Request for Student Unpublished Works
Uniform Resource Identifier <a href="https://forms.gle/7LqvGGkaDrUQqz429">https://forms.gle/7LqvGGkaDrUQqz429</a>
942 ## - ADDED ENTRY ELEMENTS (KOHA)
Source of classification or shelving scheme Dewey Decimal Classification
Koha item type Theses and dissertations

No items available.

University of Rizal System
Email us at univlibservices@urs.edu.ph

Visit our Website www.urs.edu.ph/library